LEADER 01403nam a2200289 4500 001 000000357027 003 CaOOAMICUS 005 20240207123012.0 008 240202s2008 it 000 u ita r 020 $a13-978-88-86808-33-0* 040 $aSeMil$bita 100 1 $aPellegrini, Pietrina,$d<1969- >.$0(OLS)http://semarc/name/119089 245 10$aMilitia clericatus monachici ordines :$bistituzioni ecclesiastiche e società in Gregorio Magno /$cPietrina Pellegrini. 250 $a2. ed. rivista ed aggiornata 264 1$aCatania :$bEdizioni del Prisma,$c2008. 300 $a380 p. ;$c21 cm 490 1 $aTesti e studi di storia antica ;$v20 600 04$aGregorio : Magno .$0(OLS)http://semarc/subject/768 650 4$aChiesa - Storia - Sec. 6.$0(OLS)http://semarc/subject/8279 830 0$aTesti e studi di storia antica ;$v20.$0(OLS)http://semarc/title/26093 850 $aSeMil 852 $aSeMil$W1$xVenegono$y1$m2T III 117$j245926$B248212$CSeMilBibl$Z2$F248212 $81 961 $aCitrini don Tullio - Omaggio 996 $6020$a13-978-88-86808-33-0*$9(OLS)http://semarc/number/299741 996 $6245$aMilitia clericatus monachici ordines :$bistituzioni ecclesiastiche e società in Gregorio Magno$9(OLS)http://semarc/title/447271 996 $6264$aCatania :$bEdizioni del Prisma$9(OLS)http://semarc/publisher/61524 LEADER 01371nam a2200301 i 4500 001 000000113682 003 CaOOAMICUS 005 20030331000000.0 008 030331s1982 fr u000 u fre u 013 $a86368 020 $a2-204-01838-4 040 $aSeMil$bita 100 1 $aMollat, Donatien .$0(OLS)http://semarc/name/90159 245 12$aL'Apocalypse :$bune lecture pour aujourd'hui /$cDonatien Mollat ; textes rassemblés et présentés par Bernard Mollat. 260 $aParis :$bLes Éditions du Cerf,$c1982. 300 $a224 p., 18 cm. 490 0 $aLire la Bible ;$v58 500 $aSul front. il complemento precede il titolo. - Fondo Card. C.M. Martini. 650 4$aBibbia. Nuovo Testamento. Apocalisse - Commentari, studi, critica, interpretazioni.$0(OLS)http://semarc/subject/1763 700 1 $aMollat, Bernard.$0(OLS)http://semarc/name/11873 830 0$aLire la Bible ;$v58.$0(OLS)http://semarc/title/8687 850 $aSeMil 852 $aSeMil$W1$xVenegono$y1$m2W II 124$j69345$B69345$CSeMilBibl$Z2$F103167 $81 941 1 $a4 961 $aOmaggio: Martini Card. Carlo Maria 996 $6020$a2-204-01838-4$9(OLS)http://semarc/number/96745 996 $6245$aL'Apocalypse :$bune lecture pour aujourd'hui$9(OLS)http://semarc/title/166027 996 $6260$aParis :$bLes Éditions du Cerf$9(OLS)http://semarc/publisher/29611